000 00485cam a22001934a 4500
005 20250605164243.0
008 250528s ||||||||||||||||||||||||d
035 _a21405
040 _aGR-AtMCL
_bgre
_dGR-AtMCL
_eAACR2
245 1 _aΜΑΡΚΕΤΙΝΓΚ ΕΡΕΥΝΑ ΑΓΟΡΑΣ
250 _a2
260 _bΤυροβολα,
_c1984
300 _a351
700 1 _aBlankenship A.B.
_97449
700 1 _aBreen George
_92113
942 _cBK
999 _c6468
_d6468